<?xml version="1.0" encoding="UTF-8"?>
<record
    xmlns:xsi="http://www.w3.org/2001/XMLSchema-instance"
    xsi:schemaLocation="http://www.loc.gov/MARC21/slim http://www.loc.gov/standards/marcxml/schema/MARC21slim.xsd"
    xmlns="http://www.loc.gov/MARC21/slim">

  <leader>00875cam a2200157K  4500</leader>
  <datafield tag="082" ind1="0" ind2="4">
    <subfield code="a">954.031</subfield>
    <subfield code="b">SIE</subfield>
    <subfield code="c">D</subfield>
  </datafield>
  <datafield tag="100" ind1="1" ind2=" ">
    <subfield code="a">Sieveking, Isabel Giberne.</subfield>
    <subfield code="9">50388</subfield>
  </datafield>
  <datafield tag="245" ind1="1" ind2="2">
    <subfield code="a">A turning point in the Indian mutiny</subfield>
    <subfield code="c">by I. Giberne Sieveking ...</subfield>
  </datafield>
  <datafield tag="260" ind1=" " ind2=" ">
    <subfield code="a">London,</subfield>
    <subfield code="b">D. Nutt,</subfield>
    <subfield code="c">1910.</subfield>
  </datafield>
  <datafield tag="300" ind1=" " ind2=" ">
    <subfield code="a">1 online resource (3 p. l., [v]-vii p., 2 l., 226 p.)</subfield>
    <subfield code="b">plates, ports.</subfield>
    <subfield code="c">22 cm.</subfield>
  </datafield>
  <datafield tag="505" ind1="0" ind2=" ">
    <subfield code="a">A turning point in the Indian mutiny.--The siege of Arrah.--The relief that failed.--The relief that succeeded.--Herwald Wake: the man who held the fort at Arrah.--Koer Singh is hunted to his jungle stronghold.--The magistrate of Ghazipur; and how he helped forward the relief of Arrah.--Letters from John Nicholson and others.</subfield>
  </datafield>
  <datafield tag="526" ind1=" " ind2=" ">
    <subfield code="a">0</subfield>
    <subfield code="b">0</subfield>
    <subfield code="c">0</subfield>
    <subfield code="d">954_031000000000000_SIE</subfield>
  </datafield>
  <datafield tag="650" ind1=" " ind2=" ">
    <subfield code="a">MCE</subfield>
    <subfield code="9">379</subfield>
  </datafield>
  <datafield tag="856" ind1="4" ind2="0">
    <subfield code="u">http://catalog.hathitrust.org/api/volumes/oclc/13203015.html</subfield>
  </datafield>
  <datafield tag="942" ind1=" " ind2=" ">
    <subfield code="2">ddc</subfield>
    <subfield code="c">BK</subfield>
  </datafield>
  <datafield tag="999" ind1=" " ind2=" ">
    <subfield code="c">553120</subfield>
    <subfield code="d">553120</subfield>
  </datafield>
  <datafield tag="952" ind1=" " ind2=" ">
    <subfield code="0">0</subfield>
    <subfield code="1">0</subfield>
    <subfield code="2">ddc</subfield>
    <subfield code="4">0</subfield>
    <subfield code="7">0</subfield>
    <subfield code="a">MCE</subfield>
    <subfield code="b">MCE</subfield>
    <subfield code="c">Archive Section</subfield>
    <subfield code="d">2015-01-29</subfield>
    <subfield code="l">0</subfield>
    <subfield code="o">954.031 SIE</subfield>
    <subfield code="p">MCE-ECT-15</subfield>
    <subfield code="r">2015-01-29</subfield>
    <subfield code="w">2015-01-29</subfield>
    <subfield code="y">BK</subfield>
  </datafield>
</record>
